00597nam a2200193Ia 4500008004100000020001400041082001700055100002400072245004000096250000700136260004500143300002400188500001900212600002700231650001500258942000700273952010800280999001500388240925s9999 xx 000 0 und d a137547552 a620.0042 ETH aEthier ,Stephen J. 0aAutoCAD® Transition: from 12 to 13 aNA aNew Jersey:bPrintice- Hall Int.c,1997. a755p.bNAfOriginal aIncludes Index aEngineering Technology aTechnology cBK 001040708ETaUITUbUITUd2000-08-16eNAl0o620.0042 ETHpQ2804r2024-09-25 07:12:55w2024-09-25yBK c5303d5303